|
|
|
|
| LEADER |
00000cam a22000004a 4500 |
| 001 |
musev2_70028 |
| 003 |
MdBmJHUP |
| 005 |
20230905051227.0 |
| 006 |
m o d |
| 007 |
cr||||||||nn|n |
| 008 |
130816s2013 ncu o 00 0 eng d |
| 020 |
|
|
|a 9780822377535
|
| 020 |
|
|
|z 9780822354901
|
| 020 |
|
|
|z 9780822355045
|
| 035 |
|
|
|a (OCoLC)855897557
|
| 040 |
|
|
|a MdBmJHUP
|c MdBmJHUP
|
| 100 |
1 |
|
|a Furuhata, Yuriko,
|d 1973-
|e author.
|
| 245 |
1 |
0 |
|a Cinema of Actuality :
|b Japanese Avant-Garde Filmmaking in the Season of Image Politics /
|c Yuriko Furuhata.
|
| 264 |
|
1 |
|a Durham :
|b Duke University Press Books,
|c 2013.
|
| 264 |
|
3 |
|a Baltimore, Md. :
|b Project MUSE,
|c 2020
|
| 264 |
|
4 |
|c ©2013.
|
| 300 |
|
|
|a 1 online resource (276 pages):
|b illustrations
|
| 336 |
|
|
|a text
|b txt
|2 rdacontent
|
| 337 |
|
|
|a computer
|b c
|2 rdamedia
|
| 338 |
|
|
|a online resource
|b cr
|2 rdacarrier
|
| 490 |
0 |
|
|a Asia-Pacific : culture, politics, and society
|
| 505 |
0 |
0 |
|t Intermedial Experiments and the Rise of the Eizō Discourse --
|t Cinema, Event, and Artifactuality --
|t Remediating Journalism: Politics and the Media Event --
|t Diagramming the Landscape: Power and the Fūkeiron Discourse --
|t Hijacking Television: News and Militant Cinema.
|
| 520 |
|
|
|a Cinema of Actuality analyzes Japanese avant-garde filmmakers' struggle to radicalize cinema in light of the intensifying politics of spectacle and a rapidly changing media environment, one that was increasingly dominated by television.
|
| 546 |
|
|
|a English.
|
| 588 |
|
|
|a Description based on print version record.
|
| 650 |
|
7 |
|a Motion pictures
|x Political aspects.
|2 fast
|0 (OCoLC)fst01027353
|
| 650 |
|
7 |
|a Motion pictures.
|2 fast
|0 (OCoLC)fst01027285
|
| 650 |
|
7 |
|a PERFORMING ARTS / Film & Video / History & Criticism
|2 bisacsh
|
| 650 |
|
7 |
|a PERFORMING ARTS
|x Reference.
|2 bisacsh
|
| 650 |
|
6 |
|a Cinema
|z Japon
|x Histoire
|y 20e siecle.
|
| 650 |
|
0 |
|a Motion pictures
|x Political aspects
|z Japan
|x History
|y 20th century.
|
| 650 |
|
0 |
|a Motion pictures
|z Japan
|x History
|y 20th century.
|
| 651 |
|
7 |
|a Japan.
|2 fast
|0 (OCoLC)fst01204082
|
| 655 |
|
7 |
|a History.
|2 fast
|0 (OCoLC)fst01411628
|
| 655 |
|
7 |
|a Electronic books.
|2 local
|
| 710 |
2 |
|
|a Project Muse.
|e distributor
|
| 830 |
|
0 |
|a Book collections on Project MUSE.
|
| 856 |
4 |
0 |
|z Texto completo
|u https://projectmuse.uam.elogim.com/book/70028/
|
| 945 |
|
|
|a Project MUSE - Custom Collection
|